[Event "Nabereznye Chelny"]
[Site "Nabereznye Chelny"]
[Date "1993.??.??"]
[Round "?"]
[White "Sideif Sade, Fikret I"]
[Black "Galliamova, Alisa"]
[Result "0-1"]
[WhiteElo "2425"]
[BlackElo "2445"]

1.c4 Nf6 2.Nc3 e6 3.d4 Bb4 4.Nf3 b6 5.Bg5 Bb7 6.e3 h6 7.Bh4 g5 8.Bg3 Ne4
9.Qc2 h5 10.h4 Nxg3 11.fxg3 g4 12.Ng5 Be7 13.Nge4 f5 14.Nd2 Bd6 15.Ne2 Qf6
16.O-O-O c5 17.Nb3 cxd4 18.exd4 Qh6+ 19.Qd2 Qxd2+ 20.Rxd2 Na6 21.Nf4 Rc8
22.a3 Be4 23.Na1 Nb8 24.Nc2 a5 25.Ne3 a4 26.Bd3 Bxd3 27.Rxd3 Nc6 28.Kd2 Na5
29.Rc3 Kf7 30.Kd3 Bf8 31.Rc2 Bg7 32.Rd1 Nb3 33.Ne2 Rc6 34.d5 Rcc8 35.Nc3 Nc5+
36.Ke2 Bxc3 37.Rxc3 Ne4 38.Rcd3 Nxg3+ 39.Ke1 e5 40.Nxg4 hxg4 41.Rxg3 Rxc4
42.Re3 Rxh4 43.Rxe5 Kf6 44.Re3 Rh1+ 45.Ke2 Rxd1 46.Kxd1 Rd4+  0-1

[Event "New York op"]
[Site "New York"]
[Date "1993.??.??"]
[Round "3"]
[White "Laflair, R."]
[Black "Gurevich, Dmitry"]
[Result "1/2-1/2"]
[WhiteElo "2310"]
[BlackElo "2495"]

1.d4 Nf6 2.c4 e6 3.Nc3 Bb4 4.Nf3 c5 5.g3 Ne4 6.Qc2 cxd4 7.Nxd4 Nxc3 8.bxc3 Be7
9.Bg2 Qc7 10.Qd3 a6 11.Nb3 d6 12.Bf4 Nd7 13.Rd1 Ne5 14.Qd4 f6 15.c5 dxc5
16.Bxe5 fxe5 17.Qg4 O-O 18.O-O a5 19.Be4 Bd7 20.c4 Ra6 21.Rd3 Be8 22.Nd2 Rd6
23.Rb1 b6 24.h4 Bd8 25.Rbb3 Rd4 26.e3 Rxd3 27.Rxd3 Qe7 28.Nf3 Qf6 29.Rd2 h6
30.Rd6 Bf7 31.Rd7 h5 32.Qh3 Bg6 33.Bxg6 Qxg6 34.Nxe5 Qb1+ 35.Qf1 Qf5 36.Nc6 Bf6
37.Qe2 Qb1+ 38.Rd1 Qe4 39.Na7 Qf5 40.Nb5 Be5 41.e4 Qg6 42.Kh2 a4 43.Rd3 Qf6
44.Kg2 Qg6 45.Kh2 Qf6  1/2-1/2

[Event "Ostend op"]
[Site "Ostend"]
[Date "1993.??.??"]
[Round "1"]
[White "Lombart, P."]
[Black "Wells, Peter K"]
[Result "0-1"]
[WhiteElo "2070"]
[BlackElo "2455"]

1.d4 Nf6 2.c4 e6 3.Nc3 Bb4 4.Nf3 c5 5.g3 cxd4 6.Nxd4 O-O 7.Bg2 d5 8.cxd5 Nxd5
9.Qd3 Nd7 10.Nc2 Ne5 11.Qd4 Nxc3 12.Qxd8 Rxd8 13.Bd2 Rxd2 14.Kxd2 Nd5+ 15.Nxb4 Nxb4
16.Rhc1 Nec6 17.a3 Nd5 18.Rc5 Nd4 19.Bxd5 exd5 20.Rxd5 Nb3+ 21.Kc3 Be6 22.Rad1 Bxd5
23.Rxd5 Nc1 24.Rd7 Rc8+ 25.Kb4 Nxe2 26.Rxb7 Nd4 27.Ka5 g5 28.b4 Rc2 29.a4 Rxf2
30.b5 Rxh2 31.Rxa7 Rb2 32.b6 Nc6+ 33.Ka6 Rxb6+ 34.Kxb6 Nxa7 35.Kxa7 h5 36.Kb8 h4
37.gxh4 gxh4 38.a5 h3 39.a6 h2 40.a7 h1=Q 41.a8=Q Qxa8+  0-1

[Event "Oviedo rapid"]
[Site "Oviedo"]
[Date "1993.??.??"]
[Round "10"]
[White "Campos, Jose Felix"]
[Black "Gonzalez, R."]
[Result "1-0"]
[WhiteElo "2255"]
[BlackElo "2310"]

1.d4 Nf6 2.c4 e6 3.Nc3 Bb4 4.Nf3 Bxc3+ 5.bxc3 d6 6.Bg5 Nbd7 7.e3 h6 8.Bh4 b6
9.Nd2 Bb7 10.f3 e5 11.Bd3 Qe7 12.e4 O-O-O 13.Qa4 Kb8 14.O-O-O g5 15.Bf2 g4
16.Bh4 gxf3 17.gxf3 Rdg8 18.Bf1 Qe8 19.Bh3 Bc8 20.c5 dxc5 21.d5 Nh5 22.d6 cxd6
23.Qc6 Nf4 24.Qxd6+ Kb7 25.Bf5 Rg2 26.Bg3 Ne2+ 27.Kb2 Nxg3 28.hxg3 Nb8 29.Bxc8+ Kxc8
30.Ka1 Qd8 31.Qxe5 Re8 32.Qf5+ Qd7 33.Nc4 Qxf5 34.Nd6+ Kd8 35.Nxf5+ Kc7 36.Rxh6 Nc6
37.Rh7 Nd8 38.a4 Rf2 39.Nd6 Rf8 40.Nb5+ Kb8 41.c4 Rxf3  1-0

[Event "Pardubice op"]
[Site "Pardubice"]
[Date "1993.??.??"]
[Round "7"]
[White "Lanchava, Tea"]
[Black "Kruszynski, Wlodzimierz"]
[Result "0-1"]
[WhiteElo "2165"]
[BlackElo "2390"]

1.d4 Nf6 2.c4 e6 3.Nc3 Bb4 4.Nf3 c5 5.g3 cxd4 6.Nxd4 O-O 7.Bg2 d5 8.Qb3 Bxc3+
9.Qxc3 e5 10.Nb3 d4 11.Qa5 Qe8 12.f4 Nc6 13.Qc5 exf4 14.Bxf4 Bg4 15.O-O Bxe2
16.Rae1 d3 17.Bd6 Ne4 18.Bxe4 Qxe4 19.Bxf8 Rxf8 20.Rf4 Qe6 21.Nd2 Rd8 22.Re4 Qf6
23.Qe3 g6 24.Rb1 Kg7 25.Rh4 h5 26.Rf4 Qd6 27.c5 Qd7 28.Re4 Qd5 29.b4 Nd4
30.a4 Nf5 31.Qf4 Kg8 32.Re5 Qa2 33.Qg5 Rd5 34.Re8+ Kg7 35.Qf4 Nd4 36.Re7 Nf3+
37.Kh1 Rf5 38.Qe3 Nxd2 39.Qd4+ Kh7 40.Ra1 Qc4 41.Qd8 Bf3+ 42.Kg1 Bd5  0-1

[Event "Pardubice op"]
[Site "Pardubice"]
[Date "1993.??.??"]
[Round "8"]
[White "Araslanov, Farid"]
[Black "Stajcic, Nikola"]
[Result "0-1"]
[WhiteElo "2260"]
[BlackElo "2350"]

1.d4 Nf6 2.c4 e6 3.Nc3 Bb4 4.Nf3 b6 5.Bg5 Bb7 6.e3 h6 7.Bh4 Bxc3+ 8.bxc3 d6
9.Bd3 Nbd7 10.O-O g5 11.Bg3 Ne4 12.Nd2 Nxd2 13.Qxd2 h5 14.f3 f5 15.a4 a5
16.Rab1 h4 17.Be1 Qe7 18.e4 fxe4 19.Bxe4 Bxe4 20.fxe4 O-O-O 21.c5 dxc5 22.Qe2 Kb7
23.Qb5 Rhf8 24.Bf2 cxd4 25.cxd4 Nb8 26.Be3 Rxf1+ 27.Kxf1 Qa3 28.Bf2 h3 29.d5 hxg2+
30.Kg1 Rf8 31.dxe6 Nc6 32.Qxg5 Rxf2  0-1

[Event "LAT-ch"]
[Site "Riga"]
[Date "1993.??.??"]
[Round "?"]
[White "Krakops, Maris"]
[Black "Berzinsh, Roland"]
[Result "1/2-1/2"]
[WhiteElo "2295"]
[BlackElo "2395"]

1.d4 Nf6 2.c4 e6 3.Nc3 Bb4 4.Nf3 c5 5.g3 cxd4 6.Nxd4 Ne4 7.Qd3 Qa5 8.Nb3 Nxc3
9.Bd2 Ne4 10.Qxe4 Bxd2+ 11.Nxd2 O-O 12.Bg2 Nc6 13.Qe3 d5 14.O-O d4 15.Qd3 e5
16.a3 Bf5 17.b4 Bxd3 18.bxa5 Bxe2 19.Rfe1 d3 20.a6 Rac8 21.axb7 Rc7 22.Rab1 Rb8
23.Rb5 f5 24.Bd5+ Kf8 25.Rc5 Rbxb7 26.Rxc6 Rxc6 27.Bxc6 Rb2 28.Nf1 e4 29.Ba4 Ra2
30.Rb1 Rxa3 31.Bd1 g5 32.Ne3 f4 33.gxf4 gxf4 34.Nd5 f3 35.h3 Ra6 36.Kh2 Rg6
37.Ne3 a5 38.Rb8+ Kf7 39.Ba4 Rd6 40.Rb5 d2 41.Rd5 Ke6 42.Kg3 Rxd5 43.cxd5+ Ke5
44.Kg4 d1=Q 45.Nxd1 Bxd1 46.Bxd1 e3 47.Kxf3  1/2-1/2

[Event "SCO-ch100"]
[Site "?"]
[Date "1993.??.??"]
[Round "?"]
[White "McKay, Roderick M"]
[Black "Pritchett, Craig William"]
[Result "1/2-1/2"]
[WhiteElo "2375"]
[BlackElo "2360"]

1.d4 Nf6 2.c4 e6 3.Nf3 Bb4+ 4.Nc3 c5 5.e3 b6 6.Be2 O-O 7.O-O Bb7 8.Na4 cxd4
9.exd4 Be7 10.b3 d6 11.Bb2 Nbd7 12.Rc1 Rc8 13.b4 Ne4 14.Qb3 Ndf6 15.Nc3 Qd7
16.Rfd1 Nxc3 17.Bxc3 Ne4 18.Be1  1/2-1/2

[Event "SLO-ch"]
[Site "?"]
[Date "1993.??.??"]
[Round "?"]
[White "Gostisa, Leon"]
[Black "Orel, Oskar"]
[Result "1-0"]
[WhiteElo "2470"]
[BlackElo "2335"]

1.d4 Nf6 2.c4 e6 3.Nc3 Bb4 4.Nf3 c5 5.e3 d6 6.Bd3 Nc6 7.O-O O-O 8.Ne2 e5
9.dxe5 dxe5 10.Qc2 Ba5 11.a3 h6 12.Ng3 Re8 13.b3 Qe7 14.Bb2 Bg4 15.Be2 e4
16.Nd2 Bxe2 17.Nxe2 Ng4 18.h3 Rad8 19.Rad1 Bxd2 20.hxg4 Ba5 21.Nf4 Qh4 22.Qe2 Bc7
23.g3 Qg5 24.Rd5 Qe7 25.Rfd1 Bxf4 26.exf4 Nd4 27.Bxd4 cxd4 28.R1xd4 Rxd5
29.cxd5 Qxa3 30.Rxe4 Rf8 31.Qb5 Qc1+ 32.Kg2 Qc7 33.g5 hxg5 34.fxg5 a6 35.Qd3 Rc8
36.Rh4 Qc2 37.Qf3 Qg6 38.Qe3 Rd8 39.Rd4 Qd6 40.Qe4 a5 41.Qd3 Qc5 42.g6 fxg6
43.d6 Qf5 44.Qc4+ Qf7 45.Qb5 Rf8 46.Rf4 Qe6 47.Rxf8+ Kxf8 48.Qxb7 Qxd6 49.Qa8+ Kf7
50.Qxa5 Qc6+ 51.Kh2 Qf3 52.Qa7+ Kg8 53.Qe3 Qb7 54.Qe6+ Kh7 55.Qc4 Qb6 56.Kg1 g5
57.b4 Kh6 58.b5 g6 59.Qc6 Qd4 60.b6 g4 61.b7 Qd1+ 62.Kh2 Qb3 63.Qc7  1-0

[Event "St Cugat op"]
[Site "St Cugat"]
[Date "1993.??.??"]
[Round "4"]
[White "Campos, Jose Felix"]
[Black "Rosich, Alfred"]
[Result "1-0"]
[WhiteElo "2230"]
[BlackElo "2220"]

1.d4 Nf6 2.c4 e6 3.Nc3 Bb4 4.Nf3 Ne4 5.Bd2 Bxc3 6.Bxc3 b6 7.Rc1 d6 8.g3 Nd7
9.Bg2 Bb7 10.O-O O-O 11.b4 Nxc3 12.Rxc3 Be4 13.Qc1 a5 14.b5 e5 15.dxe5 Nxe5
16.Nxe5 Bxg2 17.Nxf7 Rxf7 18.Kxg2 Qd7 19.e4 Re8 20.f3 h6 21.Rd1 Re5 22.Rd5 Rxd5
23.exd5 Re7 24.Re3 Qe8 25.Kf2 Re5 26.Qe1 Qh5 27.h4 Qf5 28.Rxe5 dxe5 29.Qe4 Qf6
30.h5 Qg5 31.g4 Qd2+ 32.Qe2 Qd4+ 33.Kg2 a4 34.Kh3 a3 35.Qe4 Qa1 36.g5 Qh1+
37.Kg4 Qg2+ 38.Kf5 Qxg5+ 39.Ke6 Qxh5 40.Kd7 Qf7+ 41.Kc8 h5 42.Qxe5 h4 43.Qxc7 Qxc7+
44.Kxc7 h3 45.d6 h2 46.d7 Kf7 47.d8=Q h1=Q 48.Qd5+ Kf6 49.Kxb6 Qh8 50.c5 Qb8+
51.Ka5  1-0

[Event "St Cugat op"]
[Site "St Cugat"]
[Date "1993.??.??"]
[Round "6"]
[White "Campos, Jose Felix"]
[Black "Jerez Perez, Alfonso"]
[Result "1/2-1/2"]
[WhiteElo "2230"]
[BlackElo "2250"]

1.d4 Nf6 2.c4 e6 3.Nc3 Bb4 4.Nf3 c5 5.g3 d5 6.Bg2 cxd4 7.Nxd4 O-O 8.cxd5 Nxd5
9.Bd2 Nxc3 10.bxc3 Ba5 11.O-O e5 12.Nb3 Bb6 13.c4 Nc6 14.c5 Bc7 15.Bc3 Qe7
16.e3 Be6 17.Qh5 Rad8 18.Rfc1 Bd5 19.Bf1 e4 20.Nd4 Nxd4 21.Bxd4 g6 22.Qh6 Be5
23.Rd1 Bxd4 24.Rxd4 Bc6 25.Rc1 Rxd4 26.exd4 Rd8 27.Qe3 Qd7 28.Rd1 Qd5  1/2-1/2

[Event "St Petersburg op"]
[Site "St Petersburg"]
[Date "1993.??.??"]
[Round "?"]
[White "Zvjaginsev, Vadim"]
[Black "Tiviakov, Sergei"]
[Result "1-0"]
[WhiteElo "2455"]
[BlackElo "2635"]

1.d4 Nf6 2.c4 e6 3.Nc3 Bb4 4.Nf3 c5 5.g3 cxd4 6.Nxd4 Ne4 7.Qd3 Nxc3 8.bxc3 Be7
9.Nb5 O-O 10.Bf4 Na6 11.Bg2 Nc5 12.Qe3 Qa5 13.O-O a6 14.Nc7 Ra7 15.Nd5 exd5
16.Qxe7 dxc4 17.Qe3 Rd8 18.Rfd1 b6 19.Bb8 Rb7 20.Qe7 b5 21.Bxb7 Nxb7 22.Be5 Qb6
23.a4 Qe6 24.Qxe6 fxe6 25.axb5 axb5 26.Rab1 Kf7 27.Rxb5 d6 28.Rb6 d5 29.Ra1 Nc5
30.Ra7+ Rd7 31.Ra8 Bb7 32.Rb8 d4 33.Bxd4 e5 34.R8xb7  1-0

[Event "St Petersburg op"]
[Site "St Petersburg"]
[Date "1993.??.??"]
[Round "?"]
[White "Zvjaginsev, Vadim"]
[Black "Zagrebelny, Sergey"]
[Result "1/2-1/2"]
[WhiteElo "2455"]
[BlackElo "2535"]

1.d4 Nf6 2.c4 e6 3.Nc3 Bb4 4.Nf3 c5 5.g3 cxd4 6.Nxd4 O-O 7.Bg2 d5 8.cxd5 Nxd5
9.Qb3 Na6 10.O-O Nxc3 11.bxc3 Be7 12.Rd1 Nc5 13.Qc4 Bd7 14.Be3 Rc8 15.Nc6 Bxc6
16.Rxd8 Rfxd8  1/2-1/2

[Event "Timisoara zt-A (Women)"]
[Site "Timisoara"]
[Date "1993.??.??"]
[Round "4"]
[White "Krupkova, Petra"]
[Black "Chilingirova, Pavlina"]
[Result "1/2-1/2"]
[WhiteElo "2210"]
[BlackElo "2250"]

1.d4 Nf6 2.c4 e6 3.Nf3 Bb4+ 4.Nc3 c5 5.e3 O-O 6.Bd3 d5 7.O-O Nc6 8.a3 Ba5
9.cxd5 cxd4 10.dxc6 dxc3 11.b4 Bb6 12.Qc2 Qc7 13.Qxc3 Qxc6 14.Qxc6 bxc6 15.Bb2 c5
16.Rac1 cxb4 17.axb4 Bb7 18.Ne5 Rac8 19.b5 Rfd8 20.Rxc8 Rxc8 21.Rc1 Rxc1+
22.Bxc1 Bc5 23.Bb2 Kf8 24.Kf1 Ke7 25.h4 h6 26.g4 Ne8 27.Ke2 f6 28.Nc4 Nd6
29.Nxd6 Kxd6 30.h5 Bc8 31.Bc3 Bd7 32.f4 Ke7 33.Kf3 Be8 34.e4 g6 35.g5 fxg5
36.fxg5 gxh5 37.gxh6 Bg6 38.Bg7 Kf7 39.Bc4 h4 40.Bc3 Bh5+ 41.Kg2 Bg4 42.e5 Be7  1/2-1/2

[Event "UZB-ch"]
[Site "?"]
[Date "1993.??.??"]
[Round "2"]
[White "Barsov, Alexei"]
[Black "Galakhov, S."]
[Result "1-0"]
[WhiteElo "2440"]
[BlackElo "2300"]

1.d4 Nf6 2.c4 e6 3.Nc3 Bb4 4.Nf3 b6 5.Qb3 c5 6.a3 Bxc3+ 7.Qxc3 O-O 8.dxc5 bxc5
9.Bg5 Nc6 10.e3 d6 11.Bd3 h6 12.Bh4 a5 13.O-O-O e5 14.Nd2 g5 15.Bg3 d5 16.cxd5 Nxd5
17.Qc2 Be6 18.Nc4 Qc7 19.h4 g4 20.Bf5 Nde7 21.Bxe6 fxe6 22.Qe4 h5 23.Rd6 Rf5
24.Rxe6 Raf8 25.Rd1 a4 26.Rdd6 Nd8  1-0

[Event "EU-ch U18"]
[Site "Vejen"]
[Date "1993.??.??"]
[Round "9"]
[White "Danielian, Oganes"]
[Black "Kiriakov, Petr"]
[Result "1/2-1/2"]
[WhiteElo "2460"]
[BlackElo "2385"]

1.d4 e6 2.c4 Nf6 3.Nf3 Bb4+ 4.Nc3 c5 5.d5 Ne4 6.Qc2 Qf6 7.Bd2 Nxd2 8.Nxd2 Bxc3
9.bxc3 e5 10.e3 d6 11.Bd3 Nd7 12.O-O Qe7 13.f3 Nf6 14.g4 Bd7 15.Rab1 O-O-O
16.Rb2 Kb8 17.Rfb1 Bc8 18.Bf5 Nd7 19.Bxd7 Rxd7 20.Nb3 Qd8 21.Qg2 h5 22.g5 h4
23.Kh1 f6 24.gxf6 gxf6 25.Rg1 Rh5 26.Qg8 Rg5 27.Rxg5 fxg5 28.Qxd8 Rxd8 29.Rg2 Rg8
30.Nd2 Bf5 31.Rg1 Kc7 32.Kg2 a6 33.e4 Bd7 34.Kf2 b5 35.Ke3 Kb6 36.Rb1 Ka5
37.cxb5 axb5 38.a4 c4 39.axb5 Bxb5 40.Rb4 Rc8 41.Nb1 Ba6 42.Na3 Rc7 43.Ke2 Rc8
44.Rb1 Rg8 45.Nc2 Bb5 46.Ne3 Kb6 47.Nf5 Rd8 48.Ke3 Kc5 49.Ng7 Bd7 50.Rb7 g4
51.fxg4 Bxg4 52.Ne6+ Bxe6 53.dxe6 Re8 54.e7 Kc6  1/2-1/2

[Event "EU-ch U18"]
[Site "Vejen"]
[Date "1993.??.??"]
[Round "11"]
[White "Pedersen, Steffen"]
[Black "Papaioannou, Ioannis"]
[Result "1-0"]
[WhiteElo "2385"]
[BlackElo "2385"]

1.d4 Nf6 2.c4 e6 3.Nc3 Bb4 4.Nf3 c5 5.g3 O-O 6.Bg2 cxd4 7.Nxd4 d5 8.Qb3 Bxc3+
9.Qxc3 e5 10.Nb3 Nc6 11.cxd5 Nxd5 12.Qc5 Be6 13.Bd2 Rc8 14.O-O b6 15.Qa3 a5
16.Rfd1 Qf6 17.Qa4 Ndb4 18.Rac1 Bxb3 19.axb3 b5 20.Qa1 Qe6 21.Bxb4 axb4 22.Bd5 Qe8
23.e3 Ne7 24.Bg2 f5 25.Qa5 Rxc1 26.Rxc1 f4 27.Qxb4 Qf7 28.exf4 Ng6 29.Qxb5 Kh8
30.Qb7 Qe8 31.Rc7  1-0

[Event "Warsaw op"]
[Site "Warsaw"]
[Date "1993.??.??"]
[Round "6"]
[White "Barwinski, Dionizy"]
[Black "Savon, Vladimir A"]
[Result "1/2-1/2"]
[WhiteElo "2320"]
[BlackElo "2415"]

1.d4 Nf6 2.c4 e6 3.Nc3 Bb4 4.Nf3 c5 5.g3 O-O 6.Bg2 cxd4 7.Nxd4 d5 8.Qb3 Bxc3+
9.bxc3 e5 10.Nf3 dxc4 11.Qxc4 Nc6 12.Ba3 Be6 13.Qa4 Re8 14.O-O Nd5 15.Rfd1 Nxc3
16.Rxd8 Nxa4 17.Rxa8 Rxa8 18.Ng5 Bc4 19.Ne4 Nd4 20.Nd6 Nc2 21.Rc1 Nxa3 22.Bxb7 Rb8
23.Nxc4 Rxb7 24.Nxa3 f6 25.Rc2 Kf7 26.Kg2 Ke6 27.e4 Nb6 28.Kf3 Na8 29.Rc6+ Kd7
30.Ra6 Nc7 31.Ra4 a6 32.Nc4 Rb1 33.Ne3 Rb2 34.h4 h5 35.Nf5 g6 36.Ne3 Rd2
37.Ra5 Rd3 38.Ke2 Rd4 39.Nd5 Nxd5 40.exd5 Ke7 41.Ke3 Kf7 42.f4 Rd1 43.fxe5 fxe5
44.Rxa6 Rxd5 45.Ke4 Rc5 46.a4 Kg7 47.Kd3 Kf7 48.Rb6 Ra5 49.Rb4 Ke6 50.Ke4 Ra6
51.Rc4 Ra5 52.Rc6+ Kf7 53.Rc4 Ke6 54.Rb4 Ra6  1/2-1/2

[Event "Zaragoza"]
[Site "Zaragoza"]
[Date "1993.??.??"]
[Round "7"]
[White "Gil Capape, Javier"]
[Black "Tejero Lamana, Santiago"]
[Result "1-0"]
[WhiteElo "2425"]
[BlackElo "2200"]

1.d4 Nf6 2.c4 e6 3.Nf3 Bb4+ 4.Nc3 b6 5.Bg5 Bb7 6.e3 h6 7.Bh4 g5 8.Bg3 Ne4
9.Qc2 Bxc3+ 10.bxc3 d6 11.Nd2 Nxd2 12.Qxd2 Nd7 13.f3 Qe7 14.e4 e5 15.Be2 O-O-O
16.O-O h5 17.h3 Rdg8 18.a4 a5 19.Rab1 g4 20.fxg4 Bxe4 21.Bd3 Bxd3 22.Qxd3 hxg4
23.h4 e4 24.Qe3 Nf6 25.Rf4 Re8 26.Rbf1 Nh5 27.Rxf7 Qe6 28.d5 Qg6 29.c5 Nxg3
30.Qxg3 bxc5 31.R1f6 Qh5 32.Rxc7+ Kb8 33.Qxd6  1-0

[Event "Akureyri"]
[Site "Akureyri"]
[Date "1994.??.??"]
[Round "?"]
[White "Olafsson, Helgi"]
[Black "Thorhallsson, Gylfi"]
[Result "1-0"]
[WhiteElo "2535"]
[BlackElo "2295"]

1.d4 Nf6 2.c4 e6 3.Nc3 Bb4 4.Nf3 b6 5.Bg5 Bb7 6.e3 c5 7.Bd3 h6 8.Bh4 cxd4
9.exd4 O-O 10.O-O Bxc3 11.bxc3 d6 12.Nd2 Nbd7 13.a4 Qc8 14.Re1 Re8 15.Bf1 Qc6
16.Qb3 d5 17.cxd5 Nxd5 18.Bb5 Qc7 19.Bg3 Qd8 20.Ne4 Re7 21.Nd6 Nb8 22.c4 Nf6
23.d5 exd5 24.Nxb7 Rxb7 25.cxd5 Re7 26.d6 Rd7 27.Qf3  1-0

[Event "Altensteig"]
[Site "Altensteig"]
[Date "1994.??.??"]
[Round "1"]
[White "Zvjaginsev, Vadim"]
[Black "Bischoff, Klaus"]
[Result "1/2-1/2"]
[WhiteElo "2585"]
[BlackElo "2525"]

1.d4 Nf6 2.c4 e6 3.Nc3 Bb4 4.Nf3 b6 5.Bg5 h6 6.Bh4 Bxc3+ 7.bxc3 d6 8.Nd2 Nbd7
9.e4 e5 10.Bd3 c5 11.d5 Nf8 12.Bxf6 Qxf6 13.g3 Nh7 14.h4 O-O 15.Nf1 Qe7 16.Ne3 f5
17.exf5 e4 18.Bf1 Bxf5 19.Bg2 Bd7 20.Qc2 Rae8 21.a4 Nf6 22.O-O  1/2-1/2

[Event "Altensteig"]
[Site "Altensteig"]
[Date "1994.??.??"]
[Round "10"]
[White "Zvjaginsev, Vadim"]
[Black "Almasi, Zoltan"]
[Result "1-0"]
[WhiteElo "2585"]
[BlackElo "2620"]

1.d4 Nf6 2.c4 e6 3.Nc3 Bb4 4.Nf3 c5 5.g3 cxd4 6.Nxd4 O-O 7.Bg2 d5 8.cxd5 Nxd5
9.Qb3 Qb6 10.Bxd5 exd5 11.Be3 Qa5 12.Rc1 Nc6 13.O-O Nxd4 14.Bxd4 Bh3 15.Rfd1 Bxc3
16.Rxc3 Qa6 17.g4 Bxg4 18.Rg3 Qxe2 19.f3 f5 20.fxg4 fxg4 21.Rg2  1-0

[Event "Aschach op"]
[Site "Aschach"]
[Date "1994.??.??"]
[Round "?"]
[White "Brumen, Dinko"]
[Black "Loginov, Valery A"]
[Result "0-1"]
[WhiteElo "2315"]
[BlackElo "2540"]

1.d4 Nf6 2.c4 e6 3.Nc3 Bb4 4.Nf3 c5 5.g3 O-O 6.Bg2 cxd4 7.Nxd4 d5 8.O-O dxc4
9.Qa4 Na6 10.Ndb5 Nd5 11.Rd1 Bd7 12.Nxd5 exd5 13.Rxd5 Qe8 14.Be3 Bc6 15.Rh5 f5
16.Bxc6 bxc6 17.Rh4 cxb5 18.Qxa6 Be7 19.Rf4 Rf6 20.Qb7 Rf7 21.Qf3 g6 22.Rd1 Bf6
23.Rd5 Rd8 24.Rxd8 Qxd8 25.a4 Be5 26.axb5 Bxf4 27.Qxf4 Qd1+ 28.Kg2 Qd5+ 29.Kh3 Qxb5
30.Bd4 Re7 31.Qd6 Qd7 32.Qf6 f4+ 33.g4 Qe6 34.Qh8+ Kf7 35.Qxh7+ Ke8 36.Qh8+ Kd7
37.e3 Qe4 38.exf4 g5  0-1

[Event "AUT-chT2W 9495"]
[Site "Austria"]
[Date "1994.??.??"]
[Round "?.2"]
[White "Elkuch, Harald"]
[Black "Kranz, Armin"]
[Result "0-1"]
[WhiteElo "2205"]
[BlackElo "2035"]

1.d4 Nf6 2.Nf3 e6 3.c4 Bb4+ 4.Nc3 b6 5.Bg5 h6 6.Bh4 Bb7 7.e3 g5 8.Bg3 Ne4
9.Qc2 Bxc3+ 10.bxc3 d6 11.Bd3 f5 12.Bxe4 Bxe4 13.Qe2 Nd7 14.O-O Qf6 15.Nd2 Bb7
16.f3 e5 17.Bf2 Qe7 18.Qd3 Rf8 19.e4 f4 20.Rab1 O-O-O 21.a4 a5 22.Rb2 Ba6
23.Rfb1 h5 24.Qc2 g4 25.Kh1 Rg8 26.Bg1 Rg6 27.Qd3 Rdg8 28.d5 Qg7 29.Qf1 Qe7
30.Qe1 R8g7 31.Qf1 Qd8 32.Qe1 gxf3 33.Nxf3 Bxc4 34.Nh4 Rg4 35.Nf5 Rh7 36.Bxb6 Nxb6  0-1

[Event "AUT-chT"]
[Site "?"]
[Date "1994.??.??"]
[Round "?"]
[White "Deutsch, Ludwig"]
[Black "Rigo, Janos"]
[Result "1-0"]
[WhiteElo "2220"]
[BlackElo "2340"]

1.d4 Nf6 2.c4 e6 3.Nc3 Bb4 4.Nf3 O-O 5.Bd2 d5 6.e3 b6 7.Be2 Bb7 8.O-O a5
9.Ne5 Nbd7 10.Nxd7 Qxd7 11.Bf3 Rad8 12.cxd5 exd5 13.Qc2 Rfe8 14.Be2 c5 15.a3 Bxc3
16.bxc3 c4 17.Rab1 Qc7 18.Rb2 Bc6 19.Rfb1 b5 20.Qf5 Ne4 21.Be1 Qe7 22.Ra1 Rd6
23.Bf1 Rg6 24.Qf4 Qd7 25.Qf3 Ng5 26.Qe2 Qf5 27.f4 Nh3+ 28.Kh1 Qe4 29.Bg3 Bd7
30.Re1 Rb6 31.Qc2 Qxc2 32.Rxc2 Bf5 33.Rb2 Be4 34.Be2 g5 35.f5 Bxf5 36.gxh3 Rxe3
37.Rc1 Bxh3 38.Kg1 Rbe6 39.Bf1 Bxf1 40.Kxf1 Rb6 41.Bc7 Rf6+ 42.Kg2 b4 43.axb4 axb4
44.cxb4 Rc6 45.Be5 c3 46.Rb3 f6 47.b5 Re6 48.Bc7 Re2+ 49.Kf1 c2 50.Rc3 Rd2
51.R3xc2 Rxd4 52.Rb1  1-0

[Event "Regionalliga SO9495"]
[Site "Bayern"]
[Date "1994.??.??"]
[Round "1"]
[White "Zenker, Ulrich"]
[Black "Anka, Emil"]
[Result "1/2-1/2"]
[WhiteElo "2165"]
[BlackElo "2375"]

1.d4 Nf6 2.c4 e6 3.Nf3 Bb4+ 4.Nc3 c5 5.e3 O-O 6.Bd3 d5 7.O-O cxd4 8.exd4 dxc4
9.Bxc4 Nbd7 10.Qe2 Bxc3 11.bxc3 Qa5 12.Bb2 b6 13.Nd2 Bb7 14.Bb5 a6 15.a4 Bd5
16.Nc4 Bxc4 17.Bxc4 Nd5 18.Rfc1 Rfc8 19.Qd3 N7f6 20.Bb3 h6 21.Qf3 Ne7 22.c4 Qf5
23.Bd1 Qg5 24.Qg3 Nf5 25.Qxg5 hxg5 26.Be2 Ra7 27.Rd1 a5 28.d5 Ne4 29.g4 Ne7
30.d6 Ng6 31.Bd4 Rd7 32.Bxb6 Nc3 33.Rd2 Nxe2+ 34.Rxe2 Rxc4 35.Bxa5 Rxg4+
36.Kf1 Rxd6 37.Be1 Ra6 38.a5 Nh4 39.Re3 Nf5 40.Rb3 Rc4 41.Rb6 Ra8 42.a6 Kh7
43.Rb7 Kg6 44.a7 Rcc8 45.Rd1 e5 46.Rdd7 f6 47.Rdc7 Rxc7 48.Rxc7 Nd4 49.Kg2 g4
50.Rd7 Kf5 51.Ba5 Nb5 52.Bb6 g6 53.Rb7 Nxa7 54.Rxa7 Rc8 55.Rf7 Rc6 56.Bd8 Ra6  1/2-1/2

[Event "Bern op"]
[Site "Bern"]
[Date "1994.??.??"]
[Round "3"]
[White "Panchenko, Alexandar G"]
[Black "Barsov, Alexei"]
[Result "1-0"]
[WhiteElo "2485"]
[BlackElo "2450"]

1.c4 e6 2.d4 Nf6 3.Nc3 Bb4 4.Nf3 c5 5.g3 Nc6 6.d5 Na5 7.Nd2 d6 8.Qc2 exd5
9.Nxd5 Nxd5 10.cxd5 O-O 11.a3 Bxd2+ 12.Bxd2 c4 13.Rd1 b5 14.Bg2 Nb3 15.Bf4 Bg4
16.h3 Bh5 17.g4 Bg6 18.Qc3 Re8 19.e3 Nc5 20.O-O a5 21.Bh2 Rb8 22.Rfe1 Bd3
23.b4 axb4 24.axb4 Na4 25.Qd4 Qb6 26.Rxd3 cxd3 27.Qxd3 Nb2 28.Qf5 Nc4 29.Be4 g6
30.Qf4 Ne5 31.Bg3 Qd8 32.Kg2 Rc8 33.Qh6 Qf6 34.Bf4 Rc4  1-0

[Event "GER-ch"]
[Site "Binz"]
[Date "1994.??.??"]
[Round "7"]
[White "Bezold, Michael"]
[Black "Wahls, Matthias"]
[Result "1/2-1/2"]
[WhiteElo "2475"]
[BlackElo "2540"]

1.d4 Nf6 2.c4 e6 3.Nc3 Bb4 4.Nf3 c5 5.g3 cxd4 6.Nxd4 O-O 7.Bg2 d5 8.cxd5 Nxd5
9.Qb3 Nc6 10.Nxc6 bxc6 11.O-O Qa5 12.Bd2  1/2-1/2

[Event "Budapest Spring op"]
[Site "Budapest"]
[Date "1994.??.??"]
[Round "2"]
[White "Brumen, Dinko"]
[Black "Tolnai, Tibor"]
[Result "1/2-1/2"]
[WhiteElo "2315"]
[BlackElo "2540"]

1.d4 Nf6 2.c4 e6 3.Nc3 Bb4 4.Nf3 c5 5.g3 O-O 6.Bg2 cxd4 7.Nxd4 d5 8.O-O dxc4
9.Qa4 Na6 10.Ndb5 Bxc3 11.Nxc3 Bd7 12.Qxc4 Rc8 13.Qd4 Bc6 14.Qxa7 Ra8 15.Qe3 Nb4
16.Bxc6 bxc6 17.Qc5 Qb8 18.Bf4 Qb7 19.Bd6 Na6 20.Qc4 Rfd8 21.Ba3 h6 22.Rac1 c5
23.Rfd1 e5 24.Qb5 Rxd1+ 25.Rxd1 Qc8 26.Qc4 Qf5 27.Nd5 Nxd5 28.Qxd5 Re8 29.Qd3 Qc8
30.Qd7 Qa8 31.Qd5 Qc8 32.Qc4 Re6 33.b3 Rf6 34.Qe4 Nc7 35.Qxe5 Ne6 36.h4 Qa8
37.Bxc5 Qxa2 38.b4 Qc2 39.Rd3 Nxc5 40.bxc5 Re6 41.Qf5 Re8 42.e3 g6 43.Qd5 Rc8
44.h5 g5 45.Qf5 Rxc5 46.Rd8+ Kg7 47.Qd7 Qb1+ 48.Kh2 Qb2 49.Qd4+ Qxd4 50.exd4 Rf5
51.Kg2 g4 52.Rd6 Rxh5 53.f3 gxf3+ 54.Kxf3 Rh1 55.Ra6 h5 56.Ra5 Kg6 57.Ra6+ Kg5
58.Ke4 Kg4 59.Ra3 Re1+ 60.Kd5 f5 61.Kc6 Rc1+ 62.Kb6 Rd1 63.Kc5 h4 64.gxh4 f4
65.Ra8 Kxh4  1/2-1/2

[Event "Budapest FS04 IM (Women)"]
[Site "Budapest"]
[Date "1994.??.??"]
[Round "2"]
[White "Velvart, Peterne"]
[Black "Weclawski, Doris"]
[Result "1-0"]
[WhiteElo "2205"]
[BlackElo "2145"]

1.d4 Nf6 2.c4 e6 3.Nc3 Bb4 4.Nf3 Ne4 5.Qc2 f5 6.a3 Bxc3+ 7.bxc3 b6 8.e3 Bb7
9.Bd3 O-O 10.O-O d6 11.Ne1 Qe7 12.f3 Nf6 13.e4 fxe4 14.fxe4 e5 15.d5 Nbd7
16.Qe2 Nc5 17.Bc2 Ba6 18.Nf3 c6 19.Bg5 h6 20.Bxf6 Rxf6 21.g3 g5 22.h4 g4
23.Nd2 h5 24.Qe3 Raf8 25.Qg5+ Qg7 26.Qxh5 Rh6 27.Rxf8+ Kxf8 28.Rf1+ Ke7 29.Qf5 cxd5
30.exd5 Nd7 31.Bd1 Rf6 32.Qe4 Rxf1+ 33.Kxf1  1-0

[Event "Budapest Spring op"]
[Site "Budapest"]
[Date "1994.??.??"]
[Round "4"]
[White "Brumen, Dinko"]
[Black "Soffer, Ram"]
[Result "1-0"]
[WhiteElo "2315"]
[BlackElo "2520"]

1.d4 e6 2.c4 Nf6 3.Nc3 Bb4 4.Nf3 b6 5.Bg5 Bb7 6.e3 h6 7.Bh4 Bxc3+ 8.bxc3 d6
9.Bd3 Nbd7 10.Qe2 g5 11.Bg3 Ne4 12.O-O Qe7 13.Rac1 f5 14.Nd2 Nxd2 15.Qxd2 h5
16.f3 h4 17.Be1 O-O-O 18.e4 fxe4 19.Bxe4 Bxe4 20.fxe4 Rdf8 21.Bf2 Qh7 22.Qe2 Rf4
23.Rce1 Qh5 24.Qxh5 Rxh5 25.g3 hxg3 26.Bxg3 Rxf1+ 27.Rxf1 g4 28.Rf4 Ra5 29.Rxg4 Rxa2
30.Rg8+ Kb7 31.Rg7 Kc8 32.Rg8+ Kb7 33.Rg7 Kc8 34.h4 Nf6 35.e5 Nh5 36.Rg5 Nxg3
37.Rxg3 Ra1+ 38.Kg2 Ra2+ 39.Kg1 Ra1+ 40.Kh2 Rf1 41.exd6 Rf7 42.Rg6 cxd6 43.Rxe6 Kd7
44.Re3 Re7 45.Rf3 Ke6 46.Kg3 Rg7+ 47.Kf2 a5 48.Ke3 Rg4 49.Rh3 Kf6 50.h5 Kg7
51.h6+ Kh7 52.Kd3 Rg6 53.Rh5 Rxh6 54.Rb5 Rh3+ 55.Kc2 Rh2+ 56.Kb3 Rh1 57.Rd5 Rh6
58.c5 dxc5 59.dxc5 Rc6 60.Ka4 bxc5 61.Kxa5 c4 62.Kb5 Rc8 63.Rc5 Rb8+ 64.Kc6 Kg6
65.Kc7 Rb3 66.Rxc4 Kf5 67.Kd6 Rb6+ 68.Rc6 Rb1 69.c4 Rd1+ 70.Kc5 Ke5 71.Rh6 Rd8
72.Kb5 Rb8+ 73.Rb6 Rd8 74.Rb7 Rc8 75.c5 Ke6 76.Kb6 Rd8 77.Rh7 Rb8+ 78.Kc7 Ra8
79.Kb7 Ra1 80.c6 Rb1+ 81.Kc8 Kd6 82.c7 Rg1 83.Rh6+ Ke7 84.Kb7 Rb1+ 85.Rb6  1-0